000 00659cam a22002413a 4500
001 9931
003 PGUSA
005 20140828083217.0
008 060201s2006||||xxu|||||s|||||000 1 eng d
040 _aPGUSA
_beng
042 _adc
050 4 _aPS
100 1 _aRinehart, Mary Roberts,
_d1876-1958
245 1 0 _aK
_h[electronic resource] /
_cMary Roberts Rinehart
260 _bProject Gutenberg,
_c2006
506 _aPublic domain in the USA.
516 _aElectronic text
653 _aPittsburgh (Pa.) -- Fiction
653 _aMystery fiction
830 0 _aProject Gutenberg
_v9931
856 4 0 _uhttp://www.gutenberg.org/ebooks/9931
942 _cEB
999 _c239187
_d239187